Omer Farooq-e-Azam (Record no. 179548)
[ view plain ]
| 000 -LEADER | |
|---|---|
| fixed length control field | 00395 a2200157 4500 |
| 003 - CONTROL NUMBER IDENTIFIER | |
| control field | Nust |
| 005 - DATE AND TIME OF LATEST TRANSACTION | |
| control field | 20170207153128.0 |
| 040 ## - CATALOGING SOURCE | |
| Transcribing agency | Nust |
| 082 ## - DEWEY DECIMAL CLASSIFICATION NUMBER | |
| Classification number | 297 |
| 100 ## - MAIN ENTRY--PERSONAL NAME | |
| Personal name | Hussain Hiakil, Muhammad |
| 245 ## - TITLE STATEMENT | |
| Title | Omer Farooq-e-Azam |
| Statement of responsibility, etc. | Habib Asher and Muhammad Hussain Haikil |
| 260 ## - PUBLICATION, DISTRIBUTION, ETC. | |
| Place of publication, distribution, etc. | Lahore |
| Name of publisher, distributor, etc. | Islami kutab khana |
| 300 ## - PHYSICAL DESCRIPTION | |
| Extent | 904:p |
| 600 ## - SUBJECT ADDED ENTRY--PERSONAL NAME | |
| Personal name | Muhammad Hussain Hakil |
| 650 ## - SUBJECT ADDED ENTRY--TOPICAL TERM | |
| Topical term or geographic name entry element | Islam,biography |
| 942 ## - ADDED ENTRY ELEMENTS (KOHA) | |
| Source of classification or shelving scheme | |
| Koha item type | Book |
| Withdrawn status | Lost status | Source of classification or shelving scheme | Damaged status | Not for loan | Collection code | Permanent Location | Current Location | Date acquired | Total Checkouts | Full call number | Barcode | Date last seen | Price effective from | Koha item type |
|---|---|---|---|---|---|---|---|---|---|---|---|---|---|---|
| Military College of Signals (MCS) | Military College of Signals (MCS) | 12/12/2016 | 297 HAI | MCS34034 | 12/08/2016 | 12/12/2016 | Book |
